000 00856cam a22002891 4500
999 _c8922
_d8922
001 8922
003 BD-JhCC
005 20180621132552.0
008 740504s1966 nyu 000 0 eng
035 _a(BD-JhCC)8922
040 _aDLC
_cDLC
_dDLC
_dBD-JhCC
041 _aeng
050 0 0 _aPR1139
_b.F68 1966
082 0 0 _a820.8
_bFRA 1966
100 0 _aFrancis Camilla,
_cSister, S.L.,
245 1 4 _aThe romantics and Victorians /
_c[by] Sister Francis Camilla [and] John F. Ennis.
250 _aRev. ed.
260 _aNew York,
_bMacmillan
_c[1966]
300 _aviii, 374 p.
_c21 cm.
490 1 _aThe Pageant of literature
650 0 _aEnglish literature
_y18th century.
650 0 _aEnglish literature
_y19th century.
650 0 _aRomanticism
_zGreat Britain.
700 1 _aEnnis, John F.,
942 _2ddc
_cBK